| 000 | 00000nam 2200000za 4500 |
| 001 | 9.819108 |
| 003 | CaOODSP |
| 005 | 20241011135329 |
| 007 | cr ||||||||||| |
| 008 | 160608s2016 qucbo ob f000 0 eng d |
| 020 | |z978-1-100-22382-7 |
| 040 | |aCaOODSP|beng |
| 043 | |an-cn--- |
| 086 | 1 |aCW66-529/2016E-PDF |
| 100 | 1 |aMaynard, Laurie Ann, |d1959- |
| 245 | 10|aScotch Bonnet Island and Mohawk Island National Wildlife Areas management plan |h[electronic resource] / |c[prepared by Laurie Maynard]. |
| 260 | |aGatineau, Quebec : |bEnvironment and Climate Change Canada, |cc2016. |
| 300 | |aviii, 65 p. : |bill. |
| 500 | |aIssued also in French under title: Plan de gestion des réserves nationales de faune de l’Île-Scotch Bonnet et de l’Île-Mohawk. |
| 500 | |aIncorrect catalogue number (CW66-338/2014E-PDF) and ISBN (978-1-100-22382-7) printed in this publication. |
| 504 | |aIncludes bibliographical references (p. 48-55). |
| 692 | 07|2gccst|aConservation areas |
| 692 | 07|2gccst|aManagement |
| 692 | 07|2gccst|aPlanning |
| 710 | 2 |aCanadian Wildlife Service. |
| 775 | 08|tPlan de gestion des réserves nationales de faune de l'Île-Scotch Bonnet et de l'Île-Mohawk |w(CaOODSP)9.819109 |
| 856 | 40|qPDF|s3.52 MB|uhttps://publications.gc.ca/collections/collection_2016/eccc/CW66-529-2016-eng.pdf |